000
00202 a2200109 4500
020
_a
978-0-439-77377-5
041
_a
spa
100
_a
orihuela,luz
245
_a
la lechera
942
_c
BK
952
_7
1
999
_c
18137
_d
18137